000 00876nam a22002297a 4500
999 _c20521
_d20521
003 AR-CdUCM
008 190531b ||||| |||| 00| 0 spa d
040 _aMUNICIPALIDAD PROVINCIAL DEL CUSCO
_cBIBLIOTECA MUNICIPAL DEL CUSCO
041 _heng
082 _a649.1 /
_bL45
100 _aLenroot, Katharine F.
_942898
245 _aEl párvulo :
_bsu cuidado y educación /
260 _aWáshington :
_bGobierno de los Estados Unidos,
_c1942.
300 _a138 páginas ;
_bFotografías a b/n,
_c24 cm.
500 _a[libro reempastado], versión española de "The Child fom One to Six - Hos Care and Training".
505 _aContenido: De la primera a la segunda infancia -- Conservación de la salud -- Dentadura...
650 _aInfancia
_95236
650 _aJuego en niños
_942899
650 _aEducación del niño
_942900
942 _2ddc
_cLIBROS
945 _aAndy